[Event "POL-chT U20 2nd League"]
[Site "Szczyrk"]
[Date "2017.07.26"]
[Round "6.42"]
[White "Bienek, Magdalena"]
[Black "Pazdzierz, Paulina"]
[Result "1/2-1/2"]
[WhiteElo "1015"]
[BlackElo "1313"]
[PlyCount "63"]
[EventDate "2017.07.22"]
[EventType "team-swiss"]
[EventRounds "11"]
[EventCountry "POL"]
[SourceTitle "EXT 2019"]
[Source "ChessBase"]
[SourceDate "2018.10.10"]
[SourceVersion "1"]
[SourceVersionDate "2018.10.10"]
[SourceQuality "1"]

1. c4 c5 2. Nc3 Nc6 3. Nf3 e5 4. g3 g6 5. Bg2 Bg7 6. 0-0 Nge7 7. Rb1 Rb8 8. d3 d6 9. b3 0-0 10. Ne1 Be6 11. Nd5 a5 12. Bb2 Bxd5 13. cxd5 Nb4 14. e4 Nxa2 15. Qd2 Nb4 16. f4 Bh6 17. Nc2 f5 18. Nxb4 axb4 19. exf5 Nxf5 20. Qe2 Nd4 21. Bxd4 exd4 22. Qg4 Qf6 23. Qd7 Rf7 24. Qb5 Qf5 25. Rbe1 Kg7 26. Re6 Rd8 27. Be4 Qg4 28. Qb6 Rfd7 29. f5 Be3+ 30. Kh1 gxf5 31. Bxf5 Qe2 32. Ra1 1/2-1/2

[Event "POL-chT U20 2nd League"]
[Site "Szczyrk"]
[Date "2017.07.23"]
[Round "2.71"]
[White "Bienek, Magdalena"]
[Black "Hals, Emilia"]
[Result "1-0"]
[WhiteElo "1015"]
[BlackElo "1230"]
[PlyCount "125"]
[EventDate "2017.07.22"]
[EventType "team-swiss"]
[EventRounds "11"]
[EventCountry "POL"]
[SourceTitle "EXT 2019"]
[Source "ChessBase"]
[SourceDate "2018.10.10"]
[SourceVersion "1"]
[SourceVersionDate "2018.10.10"]
[SourceQuality "1"]

1. c4 e5 2. Nc3 Nf6 3. g3 Nc6 4. Bg2 d6 5. Nf3 Be7 6. d3 0-0 7. 0-0 a6 8. a3 h6 9. b4 Bf5 10. d4 Ne4 11. Nxe4 Bxe4 12. d5 Na7 13. Nd2 Bxg2 14. Kxg2 b5 15. e4 Rc8 16. cxb5 Nxb5 17. Nb3 c6 18. Qg4 Kh8 19. Bb2 cxd5 20. exd5 f5 21. Qh5 Qb6 22. f4 Rc2+ 23. Kh3 Rxb2 24. Na5 Rc2 25. Nc6 Qb7 26. fxe5 dxe5 27. Nxe5 Kg8 28. Ng6 Rf6 29. Rae1 Rc7 30. Nf4 Bd6 31. Ne6 Re7 32. Rxf5 Rxf5 33. Qxf5 Qd7 34. Qf8+ Kh7 35. Qf5+ Kg8 36. Qf8+ Kh7 37. Qf5+ g6 38. Nf8+ Kg7 39. Qxd7 Rxd7 40. Nxd7 Nxa3 41. Re6 Nb5 42. Nc5 Bf8 43. Rxa6 Kf7 44. Kg4 h5+ 45. Kg5 Be7+ 46. Kf4 Bd6+ 47. Ke4 Ke7 48. Nb7 Bxb4 49. Rxg6 Kd7 50. Rc6 Na7 51. Rc4 Be7 52. Ke5 Nc8 53. Nc5+ Ke8 54. Ke6 Kf8 55. Nd7+ Kg7 56. Rxc8 Bg5 57. Kf5 Be7 58. Ke6 Bg5 59. Ne5 Kh7 60. Rc7+ Kh6 61. Nf7+ Kg6 62. Nxg5 Kxg5 63. d6 1-0

[Event "POL-chT U19 2nd League"]
[Site "Iwonicz"]
[Date "2016.07.31"]
[Round "2.42"]
[White "Barwinska, Ewa"]
[Black "Bienek, Magdalena"]
[Result "1-0"]
[WhiteElo "1239"]
[BlackElo "1071"]
[PlyCount "47"]
[EventDate "2016.07.23"]
[EventType "team-swiss"]
[EventRounds "11"]
[EventCountry "POL"]
[SourceTitle "EXT 2019"]
[Source "ChessBase"]
[SourceDate "2018.10.10"]
[SourceVersion "1"]
[SourceVersionDate "2018.10.10"]
[SourceQuality "1"]
[WhiteTeam "Kalisz KTS U19"]
[BlackTeam "Czestochowa UKS Hetman U19"]
[WhiteTeamCountry "POL"]
[BlackTeamCountry "POL"]

1. e4 c5 2. Nf3 e6 3. d4 cxd4 4. Nxd4 Nc6 5. Nxc6 bxc6 6. c4 Nf6 7. Nc3 Bb4 8. Bg5 h6 9. Bh4 g5 10. Bg3 Nxe4 11. Qd4 Nf6 12. c5 Bxc3+ 13. Qxc3 0-0 14. Be5 Nd5 15. Qc2 f5 16. 0-0-0 Qa5 17. a3 Bb7 18. Bd3 Nc7 19. g4 Ne8 20. gxf5 exf5 21. Bxf5 Rxf5 22. Qxf5 Qxc5+ 23. Kb1 Ng7 24. Qf6 1-0